000 00635nam a2200253Ia 4500
003 OSt
005 20221006142529.0
006 a|||||r|||| 00| 0
007 ta
008 221006b |||||||| |||| 00| 0 eng d
020 _c300.00
024 _a6,537
037 _cTextual
040 _aEASL
_cEASL
_beng
041 _2eng
_aeng
082 _aY:1v4, M6
100 _aTHAKUR Upendra
245 0 _aSome aspects of asian history and culture
260 _aIndia
_bAbhinav Pub.
_c1986
300 _a216p.
_ccm.
490 _v Oth
942 _hY:1v4, M6
_cTEXL
_2CC
999 _c1074623
_d1074623